1779 1127 1002 1498 1381 1321 1831 1450 1987 1410 1061 1514 1982 1218 1070 1766 1220 1761 1161 1540 1631 1240 1884 1657 1957 1650 1912 1687 1028 1998 1419 1948 1656 1863 1967 1360 1264 1059 1292 1016 1784 1267 1830 1588 1859 1957 1347 1917 1612 1821 1182 1176 1782 1593 1953 1323 1276 1432 1543 1965 1605 1679 1826 1956 1375 1015 1958 1003 1429 1814 1206 1118 1726 1590 1570 1671 1476 1126 1947 1738 1859 1879 1947 1556 1478 1757 1506 1168 1426 1501 1312 1170 1521 1088 1380 1789 1580 1054 1549 BCNSPRNW ULIB Ver.6.0+V

เปลี่ยนเป็นภาษาไทย

Change to English
 แสดงรายละเอียดบรรณานุกรม
  กลับหน้าหลัก

Brief Record : Get Marc (ISO 2709) : E-mail record : QR code < ปิดหน้าต่าง
LEADER : 00000nam 2200000uu 4500
001    13399114059
003     ULIB
008    110824s||||||||th 000 0 tha d
020    9786117097010
090    นว.^bพ969ล 2552
100 0  ไพฑูร
245 00 ลิขิตรัก...ข้ามภพ/^cไพฑูร
250    พิมพ์ครั้งที่ 1
260    กรุงเทพฯ :^bSimpy Book,^c2552
300    219 หน้า
710 1  Simpy Book
945    ^p175^l0^i026484
995    ทศพร
999     ^aใช้งานได้ทุกระบบ
รายการนี้ยังไม่มีแท็ก
คุณยังไม่ได้ล็อกอิน คุณสามารถมีกิจกรรมร่วมกับเว็บไซต์ได้ แต่ต้องล็อกอินก่อน ::
  ล็อกอิน

รายการสื่อสารสนเทศ

ลำดับที่ ประเภท เลขเรียก/บาร์โค้ด สถานที่ สถานะ
1. นวนิยาย
นวนิยาย
นว. พ969ล 2552 ฉ.1 
  Barcode: 026484
ห้องสมุดวิทยาเขตสวรรค์ประชารักษ์
►นวนิยาย
บนชั้น
  ขอยืม

รายการใกล้เคียง
    ผู้แต่ง [ไพฑูร]

BibComment


ยังไม่เคยถูกคอมเมนท์

คอมเมนท์ทรัพยากรรายการนี้
  คอมเมนท์: ลิขิตรักข้ามภพ ไพ..


 Copyright 2026. Bcnsprnw @Library